[Event "Mostoles op 12th"]
[Site "Mostoles"]
[Date "2023.07.30"]
[Round "8"]
[White "Serna Lopez, Alejandro"]
[Black "Hernandez Gutierrez, Jose"]
[Result "1/2-1/2"]
[WhiteElo "1554"]
[BlackElo "1775"]
[PlyCount "74"]
[EventDate "2023.07.23"]
[EventType "swiss"]
[EventRounds "8"]
[EventCountry "ESP"]
[SourceTitle "CBM 215 Extra"]
[Source "ChessBase"]
[SourceDate "2023.09.30"]
[SourceVersion "1"]
[SourceVersionDate "2023.09.30"]
[SourceQuality "1"]

1. Nf3 d5 2. g3 c5 3. Bg2 Nc6 4. d3 e5 5. Nbd2 Nf6 6. e4 Be7 7. 0-0 0-0 8. Re1 d4 9. Nc4 Nd7 10. a4 a6 11. h4 h6 12. Bh3 Qc7 13. a5 b5 14. axb6 Nxb6 15. Nxb6 Qxb6 16. Bxc8 Rfxc8 17. Nd2 Nb4 18. Nc4 Qe6 19. Kg2 Bd6 20. Nb6 Bc7 21. Nxc8 Qxc8 22. c3 Nc6 23. Qa4 Qe6 24. Bd2 a5 25. Rab1 Rb8 26. Rf1 Kh7 27. c4 Bd8 28. f4 exf4 29. Bxf4 Rc8 30. Rf2 Nb4 31. Qd1 Qg6 32. h5 Qe6 33. Qf3 Kg8 34. Rbf1 f6 35. Bd2 Nc6 36. Qf5 Qxf5 37. Rxf5 Ne5 1/2-1/2

[Event "Collado Villalba op 39th"]
[Site "Collado Villalba"]
[Date "2022.08.24"]
[Round "5"]
[White "Hernandez Gutierrez, Jose"]
[Black "Bermejo Sevillano, Alberto"]
[Result "1/2-1/2"]
[WhiteElo "1751"]
[BlackElo "1591"]
[PlyCount "132"]
[EventDate "2022.08.20"]
[EventType "swiss"]
[EventRounds "9"]
[EventCountry "ESP"]
[SourceTitle "EXT 2023"]
[Source "ChessBase"]
[SourceDate "2022.10.05"]
[SourceVersion "1"]
[SourceVersionDate "2022.10.05"]
[SourceQuality "1"]

1. d4 c5 2. c3 cxd4 3. cxd4 Nf6 4. Nc3 d5 5. Bf4 a6 6. e3 e6 7. Bd3 Be7 8. Nf3 Nc6 9. Rc1 Bd6 10. Bxd6 Qxd6 11. 0-0 e5 12. dxe5 Nxe5 13. Nxe5 Qxe5 14. Be2 0-0 15. Bf3 Be6 16. Rc2 Rad8 17. Rd2 Rd7 18. Ne2 Rfd8 19. Nd4 h6 20. h3 Ne4 21. Rc2 Qg5 22. Bg4 Bxg4 23. Qxg4 Qxg4 24. hxg4 Kf8 25. Rfc1 g6 26. f3 Nf6 27. Kf2 Ke7 28. Rh1 Ng8 29. Kg3 Kd6 30. Rhc1 Ke5 31. Rc8 Kd6 32. b4 Ne7 33. R8c2 Ra8 34. a4 Rad8 35. b5 axb5 36. Nxb5+ Ke6 37. Rc7 Nc6 38. Rxd7 Kxd7 39. Rh1 Rh8 40. g5 h5 41. Kf4 Ra8 42. Nc3 Ra5 43. g4 hxg4 44. Kxg4 Rc5 45. Rc1 Ne5+ 46. Kg3 Nd3 47. Rc2 Ke6 48. f4 Kf5 49. Ne2 Rxc2 50. Nd4+ Ke4 51. Nxc2 Nc5 52. a5 Nb3 53. Kf2 Nxa5 54. Ke2 Nc4 55. Kf2 b5 56. Ke2 b4 57. Nxb4 Nxe3 58. Nd3 Ng4 59. Kd2 d4 60. Ke2 Ne3 61. Ne5 Kxf4 62. Nxf7 Nd5 63. Kd3 Nb4+ 64. Kxd4 Kf5 65. Kc5 Nd3+ 66. Kd6 Nf4 1/2-1/2

[Event "Collado Villalba op 39th"]
[Site "Collado Villalba"]
[Date "2022.08.23"]
[Round "4"]
[White "Guillo Longares, Cecilia"]
[Black "Hernandez Gutierrez, Jose"]
[Result "1-0"]
[WhiteElo "2081"]
[BlackElo "1751"]
[PlyCount "83"]
[EventDate "2022.08.20"]
[EventType "swiss"]
[EventRounds "9"]
[EventCountry "ESP"]
[SourceTitle "EXT 2023"]
[Source "ChessBase"]
[SourceDate "2022.10.05"]
[SourceVersion "1"]
[SourceVersionDate "2022.10.05"]
[SourceQuality "1"]

1. d4 d5 2. c4 c6 3. Nc3 Nf6 4. Nf3 dxc4 5. a4 Bf5 6. e3 e6 7. Bxc4 Bb4 8. 0-0 0-0 9. Qb3 a5 10. Na2 Qe7 11. Nxb4 Qxb4 12. Qxb4 axb4 13. Bd2 Na6 14. Bxa6 Rxa6 15. Bxb4 Rfa8 16. b3 Bc2 17. Nd2 Ne4 18. Nxe4 Bxe4 19. Ra3 Rd8 20. f3 Bg6 21. Rc1 Rd7 22. Bc5 f5 23. a5 Rd5 24. Re1 Ra8 25. Kf2 Rd7 26. Rc1 h6 27. Rc4 Kh7 28. Rb4 Be8 29. Rb6 Ra6 30. Ra4 Kg6 31. Rxa6 bxa6 32. Rb4 e5 33. Rb6 Rd8 34. Rxa6 exd4 35. exd4 Bf7 36. Rxc6+ Kh7 37. b4 Rb8 38. a6 Bd5 39. a7 Re8 40. Rc7 Kg8 41. b5 Bc4 42. Re7 1-0

[Event "Collado Villalba op 39th"]
[Site "Collado Villalba"]
[Date "2022.08.20"]
[Round "1"]
[White "Hernandez Gutierrez, Jose"]
[Black "Lacrosse, Marc"]
[Result "0-1"]
[WhiteElo "1751"]
[BlackElo "2023"]
[PlyCount "102"]
[EventDate "2022.08.20"]
[EventType "swiss"]
[EventRounds "9"]
[EventCountry "ESP"]
[SourceTitle "EXT 2023"]
[Source "ChessBase"]
[SourceDate "2022.10.05"]
[SourceVersion "1"]
[SourceVersionDate "2022.10.05"]
[SourceQuality "1"]

1. d4 d5 2. c4 e6 3. Nf3 a6 4. e3 Nf6 5. Be2 dxc4 6. Bxc4 b5 7. Be2 Bb7 8. 0-0 Nbd7 9. Nc3 c5 10. dxc5 Bxc5 11. a3 Rc8 12. Bd2 0-0 13. Rc1 Qe7 14. b4 Ba7 15. Qb3 Rfd8 16. Rfd1 h6 17. Be1 Nd5 18. Nxd5 Bxd5 19. Qb2 Nb6 20. Nd2 Qg5 21. Nf3 Qe7 22. Nd2 Qb7 23. Bf3 Bxf3 24. gxf3 Qd5 25. Ne4 Qxd1 26. Rxd1 Rxd1 27. Kg2 Rxe1 28. Qd2 Rec1 29. Nc5 Rc4 30. Qd6 Rc3 31. Qe7 Na4 32. Qxa7 Nxc5 33. bxc5 R8xc5 34. f4 g5 35. Qxa6 gxf4 36. exf4 R3c4 37. Qa8+ Kg7 38. Kg3 Ra4 39. Qf3 Rf5 40. Qe3 Raxf4 41. Qxf4 Rxf4 42. Kxf4 Kf6 43. Ke4 Ke7 44. Kd4 Kd6 45. f4 f6 46. h3 Kc6 47. Ke4 Kc5 48. Kf3 Kd4 49. Kg4 e5 50. fxe5 fxe5 51. Kf3 Kd3 0-1

[Event "Madrid-ch Seniors 50"]
[Site "Madrid"]
[Date "2022.04.07"]
[Round "9"]
[White "Fernandez Garcia, Ignacio"]
[Black "Hernandez Gutierrez, Jose"]
[Result "1/2-1/2"]
[WhiteElo "1844"]
[BlackElo "1732"]
[PlyCount "78"]
[EventDate "2022.03.28"]
[EventType "swiss"]
[EventRounds "9"]
[EventCountry "ESP"]
[SourceTitle "EXT 2023"]
[Source "ChessBase"]
[SourceDate "2022.10.05"]
[SourceVersion "1"]
[SourceVersionDate "2022.10.05"]
[SourceQuality "1"]

1. e4 c6 2. d4 d5 3. Bd3 dxe4 4. Bxe4 Nf6 5. Bf3 Bf5 6. Ne2 e6 7. Ng3 Bg6 8. 0-0 Bd6 9. Nc3 0-0 10. Nce2 Nbd7 11. Bf4 Qc7 12. Qd2 Rad8 13. c3 b5 14. Bxd6 Qxd6 15. Qf4 Nb6 16. Qxd6 Rxd6 17. Nf4 Nc4 18. Nxg6 hxg6 19. Rfb1 Nd2 20. Re1 Nxf3+ 21. gxf3 Rfd8 22. Ne4 Rd5 23. b4 e5 24. dxe5 Nxe4 25. Rxe4 Rd3 26. c4 Rxf3 27. Kg2 Ra3 28. cxb5 cxb5 29. Re2 Rd4 30. Rb1 Ra4 31. e6 fxe6 32. Rxe6 Kf7 33. Re2 Rdxb4 34. Rbe1 Rf4 35. f3 Ra3 36. Rf2 g5 37. h3 Kf6 38. Re8 Rfa4 39. Ree2 a6 1/2-1/2

[Event "Madrid-ch Previa-A"]
[Site "Madrid"]
[Date "2022.03.23"]
[Round "9"]
[White "Hernandez Gutierrez, Jose"]
[Black "Armenteros Peral, Javier"]
[Result "1/2-1/2"]
[WhiteElo "1732"]
[BlackElo "1992"]
[PlyCount "31"]
[EventDate "2022.03.07"]
[EventType "swiss"]
[EventRounds "9"]
[EventCountry "ESP"]
[SourceTitle "EXT 2023"]
[Source "ChessBase"]
[SourceDate "2022.10.05"]
[SourceVersion "1"]
[SourceVersionDate "2022.10.05"]
[SourceQuality "1"]

1. d4 d5 2. c4 e6 3. Nf3 Nf6 4. g3 Be7 5. Bg2 0-0 6. 0-0 dxc4 7. Ne5 c5 8. dxc5 Qc7 9. Nxc4 Qxc5 10. b3 Rd8 11. Nbd2 Qh5 12. e3 Qxd1 13. Rxd1 Nc6 14. Bb2 Bd7 15. Ne5 Nxe5 16. Bxe5 1/2-1/2

[Event "Madrid-ch Previa-A"]
[Site "Madrid"]
[Date "2022.03.22"]
[Round "8"]
[White "De Fuenmayor Fernandez, Carlos Pablo"]
[Black "Hernandez Gutierrez, Jose"]
[Result "0-1"]
[WhiteElo "1432"]
[BlackElo "1732"]
[PlyCount "118"]
[EventDate "2022.03.07"]
[EventType "swiss"]
[EventRounds "9"]
[EventCountry "ESP"]
[SourceTitle "EXT 2023"]
[Source "ChessBase"]
[SourceDate "2022.10.05"]
[SourceVersion "1"]
[SourceVersionDate "2022.10.05"]
[SourceQuality "1"]

1. e4 c6 2. d4 d5 3. exd5 cxd5 4. Bd3 Nc6 5. c3 Qc7 6. h3 Nf6 7. Nf3 g6 8. 0-0 Bf5 9. Bb5 a6 10. Qa4 Rc8 11. Bxc6+ Qxc6 12. Qxc6+ bxc6 13. Nbd2 c5 14. Re1 c4 15. Nf1 Ne4 16. Bf4 g5 17. Nxg5 Nxg5 18. Bxg5 Rg8 19. h4 Rb8 20. Ne3 Be6 21. Re2 h6 22. Bf4 Rb5 23. Rae1 Bg4 24. Nxg4 Rxg4 25. Bd6 Rb7 26. g3 e6 27. Be5 Be7 28. Kh2 h5 29. Rb1 Kd7 30. f3 Rg8 31. Kh3 f5 32. Rg2 Bd6 33. Bxd6 Kxd6 34. g4 hxg4+ 35. fxg4 fxg4+ 36. Rxg4 Rxg4 37. Kxg4 e5 38. dxe5+ Kxe5 39. b4 d4 40. Re1+ Kd5 41. Rd1 d3 42. h5 Rg7+ 43. Kf5 Rg2 44. h6 Rf2+ 45. Kg6 Rg2+ 46. Kf5 Rf2+ 47. Kg5 Rg2+ 48. Kf4 Rh2 49. Kg5 Ke4 50. Re1+ Kf3 51. Re7 d2 52. Rd7 Ke2 53. Rxd2+ Kxd2 54. a4 Kxc3 55. b5 axb5 56. axb5 Rb2 57. h7 Rxb5+ 58. Kf4 Rh5 59. Ke4 Rxh7 0-1

[Event "Madrid-ch Previa-A"]
[Site "Madrid"]
[Date "2020.02.19"]
[Round "9"]
[White "Hernandez Gutierrez, Jose"]
[Black "Camarero Izquierdo, Juan Carlos"]
[Result "1-0"]
[WhiteElo "1784"]
[BlackElo "1828"]
[PlyCount "87"]
[EventDate "2020.02.03"]
[EventType "swiss"]
[EventRounds "9"]
[EventCountry "ESP"]
[SourceTitle "EXT 2021"]
[Source "ChessBase"]
[SourceDate "2020.10.23"]
[SourceVersion "1"]
[SourceVersionDate "2020.10.23"]
[SourceQuality "1"]

1. d4 f5 2. Nf3 e6 3. g3 c6 4. Bg2 d5 5. 0-0 Nf6 6. c4 Bd6 7. b3 Qe7 8. Ne5 Nbd7 9. Bb2 0-0 10. Nd2 Ne4 11. Ndf3 Ndf6 12. h3 Bd7 13. Ne1 Be8 14. N1d3 Nh5 15. Kh2 g5 16. Qc1 f4 17. g4 Ng7 18. a4 h5 19. Ba3 Bxa3 20. Rxa3 hxg4 21. hxg4 Rf6 22. Bxe4 dxe4 23. Nc5 Rh6+ 24. Kg2 Rd8 25. Qa1 e3 26. fxe3 fxe3 27. b4 b6 28. Ne4 c5 29. bxc5 bxc5 30. dxc5 Qb7 31. Qb1 Qa8 32. Nf3 Bg6 33. Rxe3 Rf8 34. Nfxg5 Rxf1 35. Qxf1 Ne8 36. Qf4 Nf6 37. Kf1 Nh7 38. Nf3 Kg7 39. Qe5+ Kg8 40. Qxe6+ Kg7 41. Qe5+ Kg8 42. Nf6+ Nxf6 43. Qxf6 Kh7 44. Ng5+ 1-0

[Event "Madrid-ch Seniors 50"]
[Site "Madrid"]
[Date "2018.01.09"]
[Round "2"]
[White "Garcia Galeote, Lorenzo"]
[Black "Hernandez Gutierrez, Jose"]
[Result "1-0"]
[WhiteElo "1971"]
[BlackElo "1803"]
[PlyCount "115"]
[EventDate "2018.01.08"]
[EventType "swiss"]
[EventRounds "9"]
[EventCountry "ESP"]
[SourceTitle "CBM 182 Extra"]
[Source "ChessBase"]
[SourceDate "2018.02.23"]
[SourceVersion "1"]
[SourceVersionDate "2018.02.23"]
[SourceQuality "1"]

1. d4 d5 2. e3 Bf5 3. Bd3 Bxd3 4. Qxd3 c6 5. Nf3 Nf6 6. Nbd2 e6 7. 0-0 Be7 8. b3 0-0 9. Bb2 Nbd7 10. e4 dxe4 11. Nxe4 Nxe4 12. Qxe4 Nf6 13. Qe2 Qd5 14. Rfe1 Qh5 15. a3 Rad8 16. c4 Rfe8 17. h3 h6 18. b4 a6 19. Rad1 Nh7 20. Qc2 Bf6 21. Re3 Ng5 22. Ne5 Bxe5 23. Rxe5 f6 24. Re2 Qf7 25. Rde1 Nh7 26. Re3 b5 27. Qe2 Nf8 28. f4 Qc7 29. f5 Rd7 30. fxe6 Rde7 31. d5 cxd5 32. cxd5 Qd6 33. Qf3 Rd8 34. Qg4 h5 35. Qxh5 Qxd5 36. Qg4 Qg5 37. Qxg5 fxg5 38. Re5 Rde8 39. Rxg5 Nxe6 40. Rge5 Kf7 41. Kf2 g6 42. h4 Nc7 43. Rxe7+ Rxe7 44. Rxe7+ Kxe7 45. Ke3 Ke6 46. g4 Nd5+ 47. Ke4 Nb6 48. Bc1 Nc4 49. h5 gxh5 50. gxh5 a5 51. Kd4 axb4 52. axb4 Kd6 53. Bf4+ Ke6 54. Kc5 Na3 55. Bc1 Nc2 56. Kxb5 Nd4+ 57. Ka6 Kd5 58. h6 1-0

[Event "Madrid-ch Seniors 50"]
[Site "Madrid"]
[Date "2017.01.12"]
[Round "4"]
[White "Hernandez Gutierrez, Jose"]
[Black "Fernandez Garcia, Ignacio"]
[Result "0-1"]
[WhiteElo "1816"]
[BlackElo "1833"]
[PlyCount "262"]
[EventDate "2017.01.09"]
[EventType "swiss"]
[EventRounds "9"]
[EventCountry "ESP"]
[SourceTitle "CBM 176 Extra"]
[Source "ChessBase"]
[SourceDate "2017.03.02"]
[SourceVersion "1"]
[SourceVersionDate "2017.03.02"]
[SourceQuality "1"]

1. d4 d5 2. c4 c6 3. Nf3 Bf5 4. e3 Nf6 5. Nc3 e6 6. Nh4 Bg6 7. Qb3 b6 8. Nxg6 hxg6 9. Bd3 Nbd7 10. Bd2 a5 11. Rc1 Bd6 12. h3 Rc8 13. e4 dxe4 14. Nxe4 Nxe4 15. Bxe4 Qh4 16. Qf3 c5 17. Be3 cxd4 18. Bxd4 f5 19. Bb7 Rc7 20. Bxb6 Bb4+ 21. Ke2 Nxb6 22. Rhd1 0-0 23. b3 Qe7 24. Bc6 Qc5 25. Bb5 Qe5+ 26. Kf1 Nc8 27. Rc2 Nd6 28. Re2 Ne4 29. g3 Qf6 30. Rd3 Re7 31. Kg2 Nc3 32. Rc2 Ne4 33. Bc6 Ng5 34. Qe3 Nf7 35. c5 g5 36. Qc1 Rc7 37. Ba4 Rfc8 38. Bd7 Rd8 39. c6 Ne5 40. Bxe6+ Kf8 41. Rxd8+ Qxd8 42. a3 Be7 43. Rd2 Qa8 44. Bxf5 Qxc6+ 45. Qxc6 Rxc6 46. Rd5 Rc5 47. Rxc5 Bxc5 48. b4 axb4 49. axb4 Bxb4 50. f4 gxf4 51. gxf4 Nf7 52. Bg6 Nh6 53. Kf3 Ke7 54. Ke4 Kf6 55. Be8 Be1 56. Bd7 Nf7 57. Kf3 Nh6 58. Ke4 Bh4 59. Bc8 Ke7 60. Kd5 Bf6 61. Be6 Nf7 62. Bc8 Nd6 63. Bg4 Nb5 64. Ke4 Nc3+ 65. Kf5 Nd5 66. Bf3 Ne3+ 67. Ke4 Nc2 68. Bg4 Kf7 69. Bh5+ Ke7 70. Bg4 Bh4 71. Bd1 Nb4 72. Bb3 Kf6 73. Bc4 Nc6 74. Bb5 Nd8 75. Bd7 Ne6 76. Be8 Bg3 77. f5 Ng5+ 78. Ke3 Kxf5 79. Bd7+ Ke5 80. Bg4 Bh4 81. Bc8 Ne6 82. Kf3 g5 83. Kg4 Nd4 84. Bd7 Ke4 85. Bc8 Ke3 86. Bb7 Kf2 87. Bd5 Ne2 88. Bc6 Nf4 89. Bb7 Kg1 90. Ba6 Kg2 91. Bb7+ Kh2 92. Be4 Nxh3 93. Bf5 Nf4 94. Kf3 Nd5 95. Be6 Nf6 96. Bc8 Kg1 97. Bh3 Be1 98. Ke2 Bb4 99. Kf3 Bd6 100. Bf5 Kf1 101. Bh3+ Ke1 102. Bf5 Kd2 103. Bc8 Kd3 104. Bf5+ Kd4 105. Bc8 Bf4 106. Be6 Ke5 107. Bc8 Kd5 108. Bf5 Kd6 109. Bh3 Ke7 110. Bc8 Nd7 111. Kg4 Kd6 112. Kf5 Bc1 113. Ba6 Kc5 114. Be2 Nb6 115. Bf3 Kd4 116. Bd1 Bf4 117. Bh5 Nc4 118. Kg4 Ne5+ 119. Kf5 Ke3 120. Bd1 Nf3 121. Kg4 Nh2+ 122. Kh3 Kf2 123. Bh5 Nf1 124. Bd1 Ke1 125. Bh5 Ne3 126. Bf3 Kf2 127. Bh5 Bd6 128. Bf3 Be7 129. Bh5 Bf6 130. Kh2 g4 131. Kh1 g3 0-1

[Event "Madrid-ch"]
[Site "Madrid"]
[Date "2015.02.02"]
[Round "1"]
[White "Del Noval Nemeshazi, Nesztor"]
[Black "Hernandez Gutierrez, Jose"]
[Result "1-0"]
[WhiteElo "1616"]
[BlackElo "1848"]
[PlyCount "93"]
[EventDate "2015.02.02"]
[EventType "swiss"]
[EventRounds "9"]
[EventCountry "ESP"]
[SourceTitle "CBM 164 Extra"]
[Source "ChessBase"]
[SourceDate "2015.03.02"]
[SourceVersion "1"]
[SourceVersionDate "2015.03.02"]
[SourceQuality "1"]

1. e4 c6 2. Nc3 d5 3. Qe2 dxe4 4. Nxe4 Bf5 5. d3 e6 6. Nf3 Be7 7. Bf4 Nf6 8. 0-0-0 Qd5 9. Nc3 Qa5 10. Nd4 Nbd7 11. Nxf5 Qxf5 12. g3 Nd5 13. Bd2 Bf6 14. Ne4 Be7 15. f4 0-0-0 16. Bg2 h6 17. g4 Qh7 18. Ng3 Rhe8 19. Rde1 Bf6 20. Ne4 Be7 21. Qf2 Kb8 22. Re2 N5f6 23. h3 Nd5 24. Rhe1 N7f6 25. Ng3 Bd6 26. Ne4 Bc7 27. Nxf6 Nxf6 28. Be3 Nd5 29. Bxa7+ Ka8 30. Be3 Nxe3 31. Qxe3 Qg8 32. h4 Qf8 33. Qd2 Rd4 34. Re4 Red8 35. Qf2 Qd6 36. c3 Rxd3 37. Ra4+ Kb8 38. Re2 Rd1+ 39. Kc2 Qd3+ 40. Kb3 Rd2 41. Rxd2 Qxd2 42. Qa7+ Kc8 43. Qa8+ Bb8 44. Rb4 Qd7 45. Bxc6 Qd1+ 46. Ka3 bxc6 47. Qb7# 1-0

[Event "Madrid-ch Seniors 20th"]
[Site "Madrid"]
[Date "2015.01.16"]
[Round "9"]
[White "Hernandez Gutierrez, Jose"]
[Black "Lopez de Turiso, Jose Angel"]
[Result "1/2-1/2"]
[WhiteElo "1838"]
[BlackElo "2100"]
[PlyCount "63"]
[EventDate "2015.01.07"]
[EventType "swiss"]
[EventRounds "9"]
[EventCountry "ESP"]
[SourceTitle "CBM 164 Extra"]
[Source "ChessBase"]
[SourceDate "2015.03.02"]
[SourceVersion "1"]
[SourceVersionDate "2015.03.02"]
[SourceQuality "1"]

1. d4 f5 2. Nf3 Nf6 3. g3 e6 4. c4 Be7 5. Bg2 0-0 6. Nc3 d6 7. 0-0 Qe8 8. Nb5 Bd8 9. Bg5 Nbd7 10. e3 h6 11. Bxf6 Nxf6 12. b4 g5 13. Qd3 Ne4 14. Nc3 Nxc3 15. Qxc3 Bf6 16. Rad1 e5 17. c5 e4 18. Nd2 d5 19. Qb3 Be6 20. f3 exf3 21. Nxf3 c6 22. a4 Kg7 23. Ne1 Bd7 24. Bh3 Bd8 25. Qd3 Qh5 26. Bg2 a6 27. Bf3 Qg6 28. Rf2 Bc7 29. Ng2 Rae8 30. Rdf1 Re7 31. Bd1 Ref7 32. Bc2 1/2-1/2

[Event "Madrid-ch Seniors 20th"]
[Site "Madrid"]
[Date "2015.01.15"]
[Round "8"]
[White "Martin Martin, Luis Vicente"]
[Black "Hernandez Gutierrez, Jose"]
[Result "1/2-1/2"]
[WhiteElo "1981"]
[BlackElo "1838"]
[PlyCount "58"]
[EventDate "2015.01.07"]
[EventType "swiss"]
[EventRounds "9"]
[EventCountry "ESP"]
[SourceTitle "CBM 164 Extra"]
[Source "ChessBase"]
[SourceDate "2015.03.02"]
[SourceVersion "1"]
[SourceVersionDate "2015.03.02"]
[SourceQuality "1"]

1. d4 Nf6 2. Bf4 e6 3. e3 c5 4. c3 Qb6 5. Qb3 Nc6 6. Nd2 d5 7. Ngf3 c4 8. Qc2 Qd8 9. e4 dxe4 10. Nxe4 Nd5 11. Bc1 b5 12. a4 Ba6 13. axb5 Bxb5 14. Ned2 Nb6 15. Be2 Bd6 16. 0-0 0-0 17. Ne4 Nd5 18. Nxd6 Qxd6 19. Nd2 Nb6 20. Ne4 Qc7 21. Ng5 g6 22. Qe4 Rfe8 23. Qh4 f5 24. Bf4 e5 25. dxe5 Nxe5 26. Rfe1 Qg7 27. Bxe5 Rxe5 28. Bf3 Rae8 29. Rxe5 Rxe5 1/2-1/2

[Event "Madrid-ch Seniors"]
[Site "Madrid"]
[Date "2014.01.08"]
[Round "2"]
[White "Casares Ripoll, Fernando"]
[Black "Hernandez Gutierrez, Jose"]
[Result "1-0"]
[WhiteElo "2115"]
[BlackElo "1835"]
[PlyCount "145"]
[EventDate "2014.01.07"]
[EventType "swiss"]
[EventRounds "9"]
[EventCountry "ESP"]
[SourceTitle "CBM 158 Extra"]
[Source "ChessBase"]
[SourceDate "2014.02.28"]
[SourceVersion "1"]
[SourceVersionDate "2014.02.28"]
[SourceQuality "1"]

1. c4 Nf6 2. Nc3 e6 3. g3 d5 4. Bg2 c6 5. cxd5 exd5 6. d3 Be7 7. Nf3 0-0 8. 0-0 Nbd7 9. e4 dxe4 10. dxe4 Re8 11. Qc2 Qc7 12. Nd5 Nxd5 13. exd5 c5 14. Re1 Nf6 15. Bf4 Bd6 16. Rxe8+ Nxe8 17. Ng5 g6 18. Be3 Nf6 19. Rc1 Bf5 20. Qc3 Nd7 21. Ne4 Bxe4 22. Bxe4 f5 23. Bg2 f4 24. Bxf4 Bxf4 25. gxf4 Qxf4 26. Re1 Rf8 27. Qe3 b6 28. Bh3 Qxe3 29. Rxe3 Nf6 30. Re7 Rd8 31. Be6+ Kh8 32. Rxa7 Nxd5 33. Bxd5 Rxd5 34. Rb7 Rd6 35. Kg2 Kg8 36. Kg3 h6 37. h4 Rf6 38. Kg4 Kh8 39. f4 Rd6 40. h5 gxh5+ 41. Kxh5 Rf6 42. Kg4 Kg8 43. f5 Rd6 44. Kf4 Rf6 45. Ke5 Rf7 46. Rxb6 Kg7 47. Rg6+ Kh7 48. Rc6 Rb7 49. b3 Ra7 50. Rxc5 Rxa2 51. Rc7+ Kg8 52. b4 Ra6 53. Rb7 h5 54. f6 Ra1 55. Ke6 Re1+ 56. Kf5 h4 57. Rg7+ Kh8 58. Rg4 Rf1+ 59. Kg6 Kg8 60. Rxh4 Rg1+ 61. Kf5 Rf1+ 62. Ke5 Re1+ 63. Re4 Rb1 64. Ke6 Kf8 65. Kd6 Kf7 66. Rf4 Rd1+ 67. Kc6 Rd8 68. b5 Ke6 69. f7 Rc8+ 70. Kb7 Rf8 71. b6 Ke5 72. Rf1 Kd6 73. Ka7 1-0